00282nam a2200121Ia 4500008004100000100001700041245002700058260003200085300000900117650001000126942000700136999001700143190216s9999||||xx |||||||||||||| ||und|| aRatnamma M D 0aEnnu Swantam Haripriya bPoorna Pubs Kozhikodec1992 a146p aNovel cBK c27783d27783